[Event "?"]
[Site "Berliner Sommer"]
[Date "1995.??.??"]
[Round "?"]
[White "Gipslis Alvaris"]
[Black "Bagirov, Vladimir"]
[Result "1/2-1/2"]
[WhiteElo "2445"]
[BlackElo "2530"]

1.e4 e5 2.Nf3 Nc6 3.Nc3 Nf6 4.Bb5 Nd4 5.Nxd4 exd4 6.e5 dxc3 7.exf6 Qxf6
8.dxc3 Qe5+ 9.Qe2 Qxe2+ 10.Bxe2 d6 11.Bf4 Bf5 12.Bd3 Bxd3 13.cxd3 1/2-1/2

[Event "?"]
[Site "Berliner Sommer"]
[Date "1995.??.??"]
[Round "?"]
[White "Chernyshov, Konstantin"]
[Black "Kharitonov, Andrei Y"]
[Result "1/2-1/2"]
[WhiteElo "2505"]
[BlackElo "2550"]

1.e4 e5 2.Nf3 Nc6 3.d4 exd4 4.Nxd4 Bc5 5.Nxc6 Qf6 6.Qf3 bxc6 7.Nd2 Qxf3
8.gxf3 d5 9.Nb3 Bd6 10.c4 Nf6 11.cxd5 cxd5 12.Bb5+ Bd7 13.Bxd7+ Kxd7
14.Bg5 1/2-1/2

[Event "?"]
[Site "Berliner Sommer"]
[Date "1995.??.??"]
[Round "?"]
[White "Bagaturov, Giorgi"]
[Black "Zagorskis, Darius"]
[Result "1/2-1/2"]
[WhiteElo "2465"]
[BlackElo "2520"]

1.d4 Nf6 2.c4 g6 3.Nf3 Bg7 4.g3 O-O 5.Bg2 d5 6.O-O dxc4 7.Na3 Na6
8.Nxc4 Be6 9.Nce5 Bd5 10.Qa4 c6 11.Bd2 Nd7 12.Bf4 Nxe5 13.Bxe5 1/2-1/2

[Event "?"]
[Site "Berliner Sommer"]
[Date "1995.??.??"]
[Round "?"]
[White "Ziebura, Nikolaus"]
[Black "Mueller, Mathias"]
[Result "0-1"]
[WhiteElo "1880"]
[BlackElo "2200"]

1.e4 c5 2.Nf3 d6 3.d4 cxd4 4.Nxd4 Nf6 5.Nc3 g6 6.Bg5 Bg7 7.Qd2 Nc6
8.Nb3 a5 9.a4 Be6 10.Nc1 O-O 11.Bb5 Rc8 12.N1e2 Nb4 13.Ng3 d5 14.Bd3 dxe4
15.Ngxe4 Nxd3+ 16.cxd3 Nd5 17.Nxd5 Bxd5 18.O-O Re8 19.Rac1 Bc6 20.Nc3 Qd7
21.Rfe1 Rcd8 22.Re2 Qg4 23.Ne4 Bxa4 24.h3 Qf5 25.Rc5 Qd7 26.Qxa5 Bc6
27.Rcc2 Ra8 28.Qd2 Ra1+ 29.Kh2 Be5+ 30.f4 Bg7 31.Nc5 Rh1+ 32.Kg3
(32.Kxh1 Qxh3+ 33.Kg1 Bd4+ 34.Re3 Qh1+ (34...Bxe3+ 35.Qxe3 Qxe3+))
32...Qf5 33.Rxe7 h6 34.Rxe8+ Bxe8 35.Qe3 hxg5 36.Qxe8+ Kh7 37.Qe4 gxf4+
38.Kf2 Qg5 39.Qf3 Bd4+ 40.Ke2 Bxc5 0-1

[Event "?"]
[Site "Berliner Sommer"]
[Date "1995.??.??"]
[Round "?"]
[White "Engelhardt, Erhard"]
[Black "Rollwitz, Juergen"]
[Result "0-1"]
[WhiteElo "1700"]
[BlackElo "1915"]

1.b4 e5 2.Bb2 Bxb4 3.Bxe5 Nf6 4.c4 O-O 5.e3 Nc6 6.Bb2 d5 7.Nf3 Re8
8.cxd5 Nxd5 9.Be2 Rxe3 10.fxe3 Nxe3 11.Qc1 Nxg2+ 12.Kf2 Nf4 13.d4 Nxe2
14.Kxe2 Bg4 15.Qf4 Bxf3+ 16.Kxf3 Qd5+ 17.Qe4 Qh5+ 18.Kf2 f5 19.Qd5+ Kh8
20.Na3 Re8 21.Qf3 Qh4+ 22.Kg2 Nxd4 23.Bxd4 Qxd4 24.Rhf1 Qb2+ 25.Kh3 Bd6
26.Nc2 Qf6 27.Rf2 Qh6+ 28.Kg2 Qxh2+ 29.Kf1 Qh4 30.Re1 Rf8 31.Rfe2 h6
32.Re8 Qc4+ 33.Qe2 Qf4+ 34.Qf2 Qc4+ 35.R8e2 f4 36.Qd4 Qb5 37.Qf2 f3
38.Kg1 Qg5+ 39.Kh1 Qh5+ 40.Kg1 Qg4+ 41.Kf1 fxe2# 0-1

[Event "?"]
[Site "Berliner Sommer"]
[Date "1995.??.??"]
[Round "?"]
[White "Kupper, Patrick"]
[Black "Zatulovskaya, Tatiana"]
[Result "1/2-1/2"]
[WhiteElo "2315"]
[BlackElo "2160"]

1.e4 c5 2.c3 e6 3.d4 d5 4.exd5 exd5 5.Be3 c4 6.b3 cxb3 7.axb3 Nf6
8.Bd3 Nc6 9.h3 Bd6 10.Nd2 O-O 11.Qf3 Re8 12.Ne2 Qb6 13.Bg5 Ne4
14.Nxe4 dxe4 15.Bxe4 Be6 16.O-O Bxb3 17.Rfb1 a5 18.c4 Nxd4 19.Nxd4 Qxd4
20.Bd5 Bc2 21.Re1 Bg6 22.Bxb7 Rxe1+ 23.Rxe1 Rb8 24.Rd1 Qe5 25.Rxd6 Qxd6
26.Bf4 Qd8 27.Bxb8 Qxb8 28.c5 h5 29.c6 Qc7 30.Qd5 Kf8 31.Qc5+ Ke8
32.Qe3+ Kf8 33.Qc5+ Ke8 1/2-1/2

[Event "?"]
[Site "Berliner Sommer"]
[Date "1995.??.??"]
[Round "?"]
[White "Klovans, Janis"]
[Black "Ahlander, Bjorn"]
[Result "0-1"]
[WhiteElo "2485"]
[BlackElo "2385"]

1.e4 c5 2.Nf3 e6 3.d4 cxd4 4.Nxd4 Nf6 5.Nc3 d6 6.Be2 Be7 7.O-O O-O
8.f4 Nc6 9.Be3 Qc7 10.Kh1 a6 11.Qe1 Nxd4 12.Bxd4 b5 13.Qg3 Bb7 14.e5 dxe5
15.Bxe5 Qb6 16.Bd3 Nh5 17.Qh3 g6 18.Ne4 Rad8 19.Rae1 f6 20.Bc3 b4
21.Bd2 Bd5 22.c4 Ba8 23.Bc1 Qc6 24.Bc2 Rd4 25.b3 f5 26.Ng3 Nf6 27.Ne2 Rd7
28.Ng1 Rfd8 29.Nf3 Ng4 30.Qg3 Rd6 31.h3 Nf6 32.Ne5 Qb7 33.Re2 Nh5
34.Qe1 Bf6 35.Bb2 Qe7 36.c5 Rd5 37.Qxb4 Ng3+ 0-1

[Event "?"]
[Site "Berliner Sommer"]
[Date "1995.??.??"]
[Round "?"]
[White "Chuchelov, Vladimir"]
[Black "Heinig Wolfram Dr"]
[Result "1-0"]
[WhiteElo "2550"]
[BlackElo "2325"]

1.Nf3 Nf6 2.d4 g6 3.c4 d6 4.Nc3 Nbd7 5.e4 e5 6.Be2 Bg7 7.O-O O-O 8.Be3 Ng4
9.Bg5 f6 10.Bh4 Nh6 11.Qd2 c6 12.Rad1 Nf7 13.b4 Qe8 14.Qc2 Kh8 15.b5 exd4
16.Nxd4 Nc5 17.bxc6 bxc6 18.f4 f5 19.exf5 Bxf5 20.Nxf5 gxf5 21.Bf2 Qe6
22.Rfe1 Ne4 23.Bd3 Bxc3 24.Bxe4 Bxe1 25.Bd4+ Ne5 26.Bxc6 Rac8 27.Bd5 Qf6
28.Qb2 Rb8 29.Qa1 Bh4 30.fxe5 Qg6 31.exd6+ Bf6 32.c5 Rbd8 33.Bxf6+ Rxf6
34.c6 Rdxd6 35.c7 Qe8 36.Rc1 Qc8 37.Bb7 Qxb7 38.c8=Q+ Qxc8 39.Rxc8+ Kg7 1-0

[Event "?"]
[Site "Berliner Sommer"]
[Date "1995.??.??"]
[Round "?"]
[White "Novikov, Igor A"]
[Black "Muse, Mladen"]
[Result "1-0"]
[WhiteElo "2485"]
[BlackElo "2445"]

1.d4 Nc6 2.Nf3 d5 3.c4 Bg4 4.Qa4 Bxf3 5.gxf3 e6 6.Nc3 dxc4 7.e3 a6
8.Qxc4 Qd7 9.f4 Nb4 10.Qb3 c5 11.dxc5 Bxc5 12.Bd2 Be7 13.Rg1 Rd8
14.O-O-O g6 15.a3 Nc6 16.Ne4 Nf6 17.Bc3 Qxd1+ 18.Qxd1 Rxd1+ 19.Kxd1 e5
20.Nxf6+ Bxf6 21.Bg2 Kd7 22.fxe5 Nxe5 23.Bxb7 1-0

[Event "?"]
[Site "Berliner Sommer"]
[Date "1995.??.??"]
[Round "?"]
[White "Milov, Leonid"]
[Black "Hock, Martin"]
[Result "1-0"]
[WhiteElo "2480"]
[BlackElo "2305"]

1.e4 e5 2.Nf3 Nc6 3.d4 exd4 4.Nxd4 Bc5 5.Be3 Qf6 6.c3 Nge7 7.Bc4 Ne5
8.Be2 Qg6 9.O-O d6 10.Kh1 O-O 11.Nd2 Ng4 12.Bxg4 Bxg4 13.f3 Bd7
14.Qb3 Kh8 15.Qxb7 Bb6 16.Qa6 f5 17.Qe2 c5 18.Nb5 d5 19.a4 a6 20.Na3 Bxa4
21.Qf2 Rac8 22.Qh4 Qe8 23.Bg5 Ng6 24.Qh5 fxe4 25.fxe4 Rxf1+ 26.Rxf1 dxe4
27.Be3 Bc6 28.Nac4 Ba7 29.Nd6 Qd7 30.Nxc8 Qxc8 31.Nc4 Bb5 32.Nd6 Qd7
33.Nxb5 axb5 34.Rd1 Qe8 35.Qd5 h6 36.Qd8 Qxd8 37.Rxd8+ Kh7 38.Ra8 Bb6
39.Rb8 Bc7 40.Rxb5 Bf4 41.Bxc5 e3 42.Kg1 Ne5 43.Kf1 Nd3 44.Bxe3 1-0

[Event "?"]
[Site "Berliner Sommer"]
[Date "1995.??.??"]
[Round "?"]
[White "Bologan, Viktor"]
[Black "Dgebuadze, Alexandre"]
[Result "1-0"]
[WhiteElo "2530"]
[BlackElo "2435"]

1.e4 e6 2.d3 d5 3.Nd2 c5 4.Ngf3 Nc6 5.g3 g6 6.Bg2 Bg7 7.O-O Nge7 8.Re1 b6
9.h4 h6 10.c3 Bb7 11.Qe2 Qc7 12.Nf1 Rd8 13.e5 b5 14.d4 b4 15.Ne3 Qa5
16.cxb4 Nxb4 17.Bd2 Qa6 18.Qd1 O-O 19.Ng4 Kh7 20.a3 Nd3 21.Bf1 c4
22.Bxd3 cxd3 23.Bb4 Rfe8 24.Bc5 Nf5 25.b4 Rc8 26.a4 Qc4 27.Rc1 Qa2
28.Qxd3 Qxa4 29.Ra1 Qd7 30.Nf6+ Bxf6 31.exf6 a6 32.g4 Nd6 33.Ne5 Qd8
34.Bxd6 Qxd6 35.h5 Rg8 36.Nxf7 Qf4 37.hxg6# Rxg6 38.Ne5 Rcg8 39.f7 R8g7
40.Re3 1-0

[Event "?"]
[Site "Berliner Sommer [einer der beiden Spieler (?)."]
[Date "1995.??.??"]
[Round "?"]
[White "Drill, Frank"]
[Black "Richter Matthias"]
[Result "1/2-1/2"]
[WhiteElo "2140"]
[BlackElo "1975"]

1.e4 c5 2.b4 cxb4 3.Bb2 Nf6 4.e5 Nd5 5.a3 d6 (5...e6 6.axb4 Bxb4 7.c4 Ne7
8.Qg4 Ng6 9.h4) 6.Bb5+ Nc6 (6...Bd7!? 7.e6!? Bxb5 (7... fxe6 8.Qh5+ g6
9.Qh4 Nf6 10.Bd3 Bg7 11.axb4) 8.Qh5! Qb6 9.exf7+ ( 9.Qxf7+ Kd8) 9...Kd8
10.Qxd5 Bc6 11.Qg5 bxa3 12.Bxa3 g6 13.Bxd6 Bxg2) 7.Nf3 Qb6 8.a4
(8.Bc4 Qc5!) 8...Bg4 9.exd6 O-O-O 10.d7+ Rxd7 11.h3 Bh5 12.d3 e5 13.O-O
(13.Nbd2! {nebst 0-0, Nc4}) 13...e4 14.dxe4 Nf4 (14...Nc3! 15.Qc1
(15.Qe1 Rd1!) 15...Bxf3 16.gxf3 (16.Bxc6?? Ne2+) 16...Nxb5 17.axb5 Qxb5)
15.Nbd2 Qd8 (15...Nxh3+ 16.gxh3 Bxf3 17.Qxf3 Rxd2 18.Qxf7) 16.Qe1 Bc5
17.Bxc6 bxc6 18.Be5 Bd6 (18...g5!? 19.Bxh8 Qxh8) 19.Nc4 Nxh3+
20.gxh3 Bxf3 21.Nxd6+ Rxd6 22.Qxb4 Rg6+ 23.Bg3 Qb6
{24.Qxb6 (erzwungen) ab 25.Re1 Re8 26.e5 h5 =+} 1/2-1/2

[Event "?"]
[Site "Berliner Sommer"]
[Date "1995.??.??"]
[Round "?"]
[White "Siebrecht, Sebastian"]
[Black "Gutman, Lev"]
[Result "0-1"]
[WhiteElo "2325"]
[BlackElo "2470"]

1.c4 Nf6 2.Nc3 g6 3.g3 Bg7 4.Bg2 O-O 5.e4 Nc6 6.Nge2 a6 7.O-O Rb8 8.d4 b5
9.d5 Ne5 10.c5 d6 11.c6 b4 12.Na4 e6 13.f4 Nc4 14.b3 Na3 15.Bb2 exd5
16.exd5 Qe7 17.h3 h5 18.Kh1 Nb5 19.Re1 Ne4 20.Kh2 Bxb2 21.Nxb2 f5
22.h4 Qf6 23.Nc4 a5 24.Nxa5 Ba6 25.Nc4 Rfe8 26.Qc2 Re7 27.a4 bxa3
28.Nxa3 Nf2 29.Nc4 Ng4+ 30.Kg1 Rbe8 31.Ne5 dxe5 32.Rxa6 exf4 33.Qc4 Nd6
34.Qd3 {Der Rest ist aufgrund von Zeitnot unleserlich: 35.T?? fg} 0-1

[Event "?"]
[Site "Berliner Sommer"]
[Date "1995.??.??"]
[Round "?"]
[White "Archut, Michael"]
[Black "Gulde, Juergen"]
[Result "0-1"]
[WhiteElo "1653"]
[BlackElo "1880"]

1.Nf3 c5 2.c4 Nf6 3.g3 g6 4.b3 Bg7 5.Bb2 O-O 6.Bg2 Nc6 7.O-O b6 8.d3 Bb7
9.Nbd2 Rb8 10.e4 d6 11.d4 Nd7 12.Nb1 a6 13.Qd2 b5 14.cxb5 axb5 15.d5 Nce5
16.Nxe5 Bxe5 17.Bxe5 Nxe5 18.f4 Nd7 19.Re1 f6 20.Bf1 Qb6 21.Nc3 Ba6
22.Kh1 b4 23.Na4 Qa7 24.Bxa6 Qxa6 25.Qe2 Qb7 26.Kg1 Ra8 27.g4 Qa6
28.Qxa6 Rxa6 29.h4 Kg7 30.Kg2 Rc8 31.Rec1 Rca8 32.Kg3 Rxa4 33.bxa4 Rxa4
34.h5 Ra3+ 35.Kg2 g5 36.Rf1 gxf4 37.Rf3 Ra4 38.a3 c4 39.Rc1 Ne5
40.axb4 Ra2+ 0-1

[Event "?"]
[Site "Berliner Sommer"]
[Date "1995.??.??"]
[Round "?"]
[White "Sofieva, Ainur"]
[Black "Pinkus, Lutz"]
[Result "1/2-1/2"]
[WhiteElo "2350"]
[BlackElo "2215"]

1.e4 c5 2.Nf3 Nf6 3.d3 e6 4.g3 d5 5.Nbd2 Nc6 6.Bg2 Be7 7.O-O dxe4
8.dxe4 e5 9.c3 Qc7 10.Qc2 b6 11.Rd1 O-O 12.Nc4 Be6 13.Ne3 Rad8
14.Ng5 Rxd1+ 15.Qxd1 Rd8 16.Qc2 Qd7 17.Nxe6 Qxe6 18.Bf1 Ne8 19.Bc4 Qg6
20.a4 Bg5 21.Nd5 Nf6 22.Bxg5 Qxg5 23.Rd1 Kf8 24.Bb5 Nb8 25.Nxb6 Rxd1+
26.Qxd1 Nxe4 27.Nd7+ Nxd7 28.Qxd7 g6 29.Qe8+ Kg7 30.f4 Qf6 31.Qxe5 Qxe5
32.fxe5 f6 33.exf6+ Kxf6 34.Kg2 Nd6 35.Be2 Ke5 36.Kf3 c4 37.Ke3 a5
38.Bd1 Nb7 39.Bc2 Nc5 40.h4 h6 41.Bxg6 Nxa4 42.Bc2 Nxb2 43.Kd2 a4
44.Kc1 Nd3+ 45.Kb1 Ke4 46.g4 Kf4 47.g5 hxg5 48.hxg5 Kxg5 1/2-1/2

[Event "?"]
[Site "Berliner Sommer"]
[Date "1995.??.??"]
[Round "?"]
[White "Rechlis, Gad"]
[Black "Glienke, Manfred"]
[Result "1-0"]
[WhiteElo "2490"]
[BlackElo "2345"]

1.e4 c5 2.Nf3 d6 3.d4 cxd4 4.Nxd4 Nf6 5.Nc3 g6 6.Be2 Bg7 7.O-O O-O
8.Be3 Nc6 9.Nb3 Be6 10.f4 Na5 11.Kh1 Bc4 12.e5 Ne8 13.Re1 Bxe2
14.Qxe2 Nc6 15.Rad1 Qb8 16.Bf2 Qc8 17.Nd4 dxe5 18.Nxc6 bxc6 19.fxe5 Nc7
20.b3 Ne6 21.Na4 Qc7 22.Nc5 Nf4 23.Qf3 Nd5 24.c4 Nb6 25.Bg3 Qc8 26.h3 Qf5
27.Qxf5 gxf5 28.Bh4 Rfe8 29.Rd3 Rac8 30.a4 Rcd8 31.Rxd8 Rxd8 32.Bxe7 Re8
33.Bd6 Nc8 34.Nd3 f6 35.exf6 Rxe1+ 36.Nxe1 Bxf6 37.Bc5 Kf7 38.Kg1 Ke6
39.Kf2 Bh4+ 40.Ke2 Bg3 41.Nf3 1-0

[Event "?"]
[Site "Berliner Sommer"]
[Date "1995.??.??"]
[Round "?"]
[White "Zorman, Vojko"]
[Black "Dvoirys, Semen I"]
[Result "0-1"]
[WhiteElo "2360"]
[BlackElo "2570"]

1.e4 c5 2.Nf3 d6 3.g3 Nf6 4.d3 g6 5.Bg2 Bg7 6.O-O O-O 7.Nbd2 Nc6 8.Re1 Rb8
9.c3 b5 10.a3 Ne8 11.Nf1 e5 12.Bg5 Qd7 13.Qd2 Bb7 14.Bh6 f5 15.Bxg7 Nxg7
16.Qh6 Nd8 17.b4 Nde6 18.Nh4 f4 19.Bh3 Qe7 20.Bxe6+ Nxe6 21.gxf4 Nxf4
22.Re3 Bc8 23.Ng2 Qf6 24.f3 Nh3+ 25.Kh1 Nf2+ 26.Kg1 Ng4 27.Qh4 Nxe3
28.Nfxe3 Qxh4 29.Nxh4 Be6 30.Kg2 a5 31.Kf2 axb4 32.axb4 cxb4 33.cxb4 Ra8 0-1

[Event "?"]
[Site "Berliner Sommer"]
[Date "1995.??.??"]
[Round "?"]
[White "Kalinichev, Sergey L"]
[Black "Ionov, Sergey"]
[Result "1/2-1/2"]
[WhiteElo "2470"]
[BlackElo "2525"]

1.e4 c5 2.Nf3 d6 3.g3 Nc6 4.Bg2 g6 5.d4 cxd4 6.Nxd4 Nxd4 7.Qxd4 Nf6
8.O-O Bg7 9.Nc3 O-O 10.Qb4 Qc7 11.Be3 Be6 12.h3 a5 13.Qa4 Nd7 14.Rab1 Qc4
15.Rfd1 Bxc3 16.Qxc4 Bxc4 17.bxc3 Ba6 18.Rd5 Rfc8 19.Rxa5 Rxc3
20.Rb2 Rac8 21.Bf1 Ne5 22.Bxa6 bxa6 23.Rb3 R3c6 24.Ra4 f6 25.Rb7 Kf7
26.Bb6 Ra8 27.Ba7 Nc4 28.Kf1 a5 29.Ke2 Rac8 30.Bd4 Ke6 31.f4 f5
32.exf5+ gxf5 33.g4 Kd5 1/2-1/2

[Event "?"]
[Site "Berliner Sommer"]
[Date "1995.??.??"]
[Round "?"]
[White "Eingorn, Vereslav S"]
[Black "Suetin, Alexey S"]
[Result "1/2-1/2"]
[WhiteElo "2600"]
[BlackElo "2445"]

1.c4 Nf6 2.Nf3 c5 3.b3 g6 4.Bb2 Bg7 5.g3 O-O 6.Bg2 Nc6 7.O-O b6 8.d4 cxd4
9.Nxd4 Bb7 10.Nc3 Qc8 11.Nc2 d6 12.Rb1 Na5 13.e4 Nc6 14.Nd5 Ne8
15.Nce3 Bxb2 16.Rxb2 e6 17.Nc3 a6 18.Qd2 Qc7 19.Rd1 Rd8 20.Rc2 Qb8
21.Rcc1 f5 22.Re1 Ng7 23.exf5 gxf5 24.f4 Ne7 25.Nc2 Bxg2 26.Kxg2 Qc7
27.Nd4 Rf6 28.Qf2 Rc8 29.Nf3 h6 30.Qe3 Qc5 31.Rcd1 Qxe3 32.Rxe3 Rd8
33.b4 Nc6 34.a3 Rf7 35.Red3 Ne8 36.Na4 b5 37.Nb2 Rfd7 38.Ne5 Rc7
39.Nxc6 Rxc6 40.Rd4 Rdc8 41.cxb5 axb5 42.a4 bxa4 43.Nxa4 Rb8
44.Nb2 Kf7 1/2-1/2

[Event "?"]
[Site "Berliner Sommer"]
[Date "1995.??.??"]
[Round "?"]
[White "Ahlberg, Guenther"]
[Black "Senk Christian"]
[Result "0-1"]
[WhiteElo "2240"]
[BlackElo "1990"]

1.e4 e6 2.d4 d5 3.Nc3 Nf6 4.Bg5 Be7 5.e5 Nfd7 6.Bxe7 Qxe7 7.f4 a6 8.Nf3 b5
9.Bd3 b4 10.Ne2 a5 11.O-O c5 12.c3 Ba6 13.Ng3 Bxd3 14.Qxd3 c4 15.Qc2 g6
16.b3 Nb6 17.Nd2 O-O 18.bxc4 dxc4 19.Nge4 Na6 20.Nf6+ Kg7 21.Nde4 Nc7
22.Qf2 Rh8 23.Qg3 Kf8 24.Nd6 Ncd5 25.Nfe4 f5 26.exf6 Nxf6 27.Nxf6 Qxd6
28.Rfe1 bxc3 29.Qxc3 Nd5 30.Nxd5 exd5 31.Re5 Kg7 32.Rae1 Rhf8 33.g3 Rf7
34.Re6 Qb4 35.Qe3 Rd8 36.Qe5+ Kg8 37.Qg5 Qf8 38.R1e5 c3 39.Rxd5 Rc8
40.Rc5 c2 41.Rec6 Rxc6 42.Rxc6 Rf5 43.Qh4 Qe8 44.Rc7 c1=Q+ 45.Rxc1 Qe3+
46.Kg2 Qxc1 47.Qd8+ Rf8 48.Qd5+ Rf7 49.Qe5 Qc2+ 50.Kg1 Qxa2 51.d5 Qb1+
52.Kg2 Qf5 53.Qe8+ Rf8 54.Qc6 Rc8 0-1

[Event "?"]
[Site "Berliner Sommer"]
[Date "1995.??.??"]
[Round "?"]
[White "Dizdar, Goran"]
[Black "Rogic, Davor"]
[Result "0-1"]
[WhiteElo "2535"]
[BlackElo "2435"]

1.d4 Nf6 2.Nf3 g6 3.c4 Bg7 4.g3 c5 5.Bg2 O-O 6.O-O Nc6 7.Nc3 d6 8.d5 Na5
9.Nd2 e5 10.e4 Ng4 11.b3 f5 12.h3 Nh6 13.exf5 gxf5 14.Bb2 b6 15.Ne2 Rb8
16.f4 Rb7 17.Qc2 Re7 18.Rae1 Nb7 19.Nf3 Qe8 20.Qd2 e4 21.Nh4 b5
22.Bxg7 Rxg7 23.cxb5 Qxb5 24.Nc3 Qb6 25.Kh2 Na5 26.Rb1 Ba6 27.Rfc1 Bd3
28.Rb2 c4 29.Na4 Qd8 30.b4 Nb7 31.Nc3 Qf6 32.Nd1 Qd4 33.Qe3 Qxd5
34.Nc3 Qc6 35.Qd4 Nd8 36.Nd5 Rgf7 37.Ne3 Qb6 38.Qxb6 axb6 39.Nd5 b5
40.Bf1 Ne6 41.Ng2 Ra7 42.Nge3 Nd4 43.g4 Kf7 44.g5 Ng8 45.Nc3 Ke6
46.Kg3 Ne7 47.a4 bxa4 48.b5 Nb3 49.Re1 d5 50.b6 Ra5 51.Bxd3 cxd3
52.Nxa4 Rxa4 53.Rxb3 Rb8 54.b7 d4 55.Nd1 Ra7 56.Rxd3 Nc6 57.Nf2 Kd5
58.Rdd1 Raxb7 59.Kh4 Rb2 60.Nh1 d3 61.Ng3 Rf2 62.Nh5 Kd4 63.Nf6 Rxf4+
64.Kh5 Rb7 65.h4 Ne5 0-1

[Event "?"]
[Site "Berliner Sommer"]
[Date "1995.??.??"]
[Round "?"]
[White "Lelchuk, Zoja"]
[Black "Gleizerov, Evgeny"]
[Result "0-1"]
[WhiteElo "2335"]
[BlackElo "2545"]

1.Nf3 e6 2.c4 f5 3.g3 Nf6 4.Bg2 d5 5.b3 Bd6 6.O-O O-O 7.Bb2 c6 8.d3 Nbd7
9.Nbd2 Qe7 10.a3 a5 11.Qc2 Ng4 12.cxd5 exd5 13.e4 dxe4 14.dxe4 f4
15.Nc4 Bc7 16.e5 fxg3 17.hxg3 Nb6 18.Nd4 Nxc4 19.Qxc4+ Kh8 20.e6 Qg5
21.Nf3 Qh5 22.e7 Rxf3 23.e8=Q+ Qxe8 24.Bxf3 Qh5 25.Bxg4 Bxg4 26.Rae1 Bf3
27.Qh4 Qxh4 28.gxh4 Bd6 29.Re6 Rd8 30.Rfe1 Bh5 31.R6e3 Kg8 32.Kg2 Bf7
33.Bc3 Bxa3 34.Rg3 g6 35.Bxa5 Rd5 36.Bc3 Bd6 37.Rge3 Rf5 38.Bb2 Bc5
39.R3e2 Bxb3 40.Re8+ Kf7 41.f3 Rd5 42.Bc1 Rd1 43.Bg5 Rxe1 44.Rxe1 Bd5
45.Be3 Bxe3 46.Rxe3 b5 47.Kf2 Kf6 48.f4 b4 49.Re8 Kf5 50.Ke3 b3 51.Re7 h5
52.Rg7 c5 53.Kd2 Be4 54.Kc3 c4 55.Rd7 Kg4 56.Rd4 Bf5 57.Rxc4 Kxh4
58.Rb4 Kg3 59.Rxb3 h4 60.Kd2+ Kf2 61.Re3 Bg4 62.f5 gxf5 63.Ra3 h3
64.Ra2 h2 65.Kd3+ Kg3 0-1

[Event "?"]
[Site "Berliner Sommer"]
[Date "1995.??.??"]
[Round "?"]
[White "Paehtz, Thomas"]
[Black "Vogel, Robert"]
[Result "1/2-1/2"]
[WhiteElo "2470"]
[BlackElo "2300"]

1.e4 c5 2.Nf3 Nc6 3.d4 cxd4 4.Nxd4 Nf6 5.Nc3 d6 6.Bc4 e6 7.Be3 Be7
8.Qe2 O-O 9.O-O-O a6 10.Bb3 Qc7 11.g4 Nd7 12.g5 Nc5 13.h4 Bd7 14.h5 b5
15.g6 b4 16.Nb1 Rac8 17.f4 Nxd4 18.Bxd4 Nxb3+ 19.axb3 e5 20.Be3 Bg4
21.Qd3 Bxd1 22.gxh7+ Kh8 23.Rxd1 exf4 24.Bxf4 Qa5 25.h6 gxh6 26.Rg1 Qc5
27.Be3 Qh5 28.Bd4+ f6 29.Nd2 Rf7 30.Nc4 Rcf8 31.Ne3 Rxh7 32.Nf5 Rg8
33.Rf1 Bd8 34.Qxa6 Qh2 35.Nxd6 Rd7 36.Nf5 Rxd4 37.Nxd4 Rg1 38.Nf3 Qf4+
39.Nd2 Rxf1+ 40.Qxf1 Qxf1+ 41.Nxf1 Kg7 42.Kd2 Kg6 43.Ke3 Kg5 44.Kf3 f5
45.exf5 Kxf5 46.Ne3+ Ke6 47.Ke4 Bf6 48.Nd5 Bxb2 49.Nxb4 Kd6 50.c4 Bc3
51.Nd5 Be1 52.Nf4 Bd2 53.Nh5 Kc5 54.Kd3 Be1 55.Nf4 Bg3 56.Nd5 Be1
57.Nf6 Bh4 58.Ne4+ Kb4 59.Kc2 Be7 60.Nc3 Bh4 61.Nd5+ Kc5 62.Kd3 Be1 1/2-1/2

[Event "?"]
[Site "Berliner Sommer"]
[Date "1995.??.??"]
[Round "?"]
[White "Lerner, Konstantin Z"]
[Black "Berelovich, Aleksandar"]
[Result "1/2-1/2"]
[WhiteElo "2605"]
[BlackElo "2445"]

1.c4 e5 2.g3 c6 3.d4 exd4 4.Qxd4 d5 5.Bg2 Nf6 6.Nf3 Be7 7.cxd5 cxd5
8.O-O O-O 9.Nc3 Nc6 10.Qa4 Be6 11.Rd1 a6 12.e4 b5 13.Qc2 d4 14.Nd5 Nxd5
15.exd5 Nb4 16.Qb1 Bxd5 17.Rxd4 Qb6 18.Be3 Qb7 19.Ne1 Bxg2 20.Nxg2 Rac8
21.Qe4 Qxe4 22.Rxe4 Nc2 23.Rd1 Bf6 24.b3 h6 25.Bb6 Rfe8 26.Rxe8+ Rxe8
27.Nf4 Nb4 28.a3 Nc2 29.a4 bxa4 30.bxa4 a5 31.Rd5 Bc3 32.Bxa5 Bxa5
33.Rxa5 Re1+ 34.Kg2 Ra1 35.Kf3 Ra2 36.Ra8+ Kh7 37.a5 Nb4 38.Ke3 Nc6
39.a6 Nb4 40.Ra7 Ra3+ 41.Ke4 Kg8 42.Ra8+ Kh7 43.Rf8 f6 44.h4 Nxa6
45.h5 Nc5+ 46.Kd5 Nd3 1/2-1/2

[Event "?"]
[Site "Berliner Sommer"]
[Date "1995.??.??"]
[Round "?"]
[White "Kaiser, Joachim"]
[Black "Guth, Thomas"]
[Result "0-1"]
[WhiteElo "2030"]
[BlackElo "2245"]

1.e4 e6 2.d3 d5 3.Nd2 Nf6 4.Ngf3 c5 5.g3 Nc6 6.Bg2 Be7 7.O-O O-O 8.Re1 Rb8
9.e5 Nd7 10.Nf1 f6 11.exf6 Bxf6 12.Bh3 Nde5 13.Nxe5 Bxe5 14.Qe2 Nd4
15.Qe3 Nf3+ 16.Kh1 Bd4 17.Bxe6+ Kh8 18.Qe2 Nxe1 19.Bf4 Nxc2 0-1

[Event "?"]
[Site "Berliner Sommer"]
[Date "1995.??.??"]
[Round "?"]
[White "Lohse, Steffen"]
[Black "Dissertori, Martin"]
[Result "1-0"]
[WhiteElo "1650"]
[BlackElo "1055"]

1.Nf3 Nf6 2.c4 g6 3.Nc3 Bg7 4.d4 d6 5.g3 e6 6.Bg5 b6 7.Bg2 Bb7 8.O-O O-O
9.Qc2 Nc6 10.a3 Rb8 11.Rad1 a6 12.e4 h6 13.Bc1 Ba8 14.b4 Na7 15.Bb2 Qe7
16.Rfe1 c6 17.e5 Ne8 18.Ne4 d5 19.Ned2 f6 20.Nh4 g5 21.Ng6 Qf7
22.exf6 Qxf6 23.Nxf8 Qxf8 24.Rxe6 Rb7 25.Rde1 Nf6 26.Qg6 Rb8 27.Re7 Bb7
28.R1e2 c5 29.cxd5 cxb4 30.Nc4 Nb5 31.axb4 Ba8 32.d6 Bxg2 33.Kxg2 Rd8
34.d5 a5 35.Bxf6 Qxf6 36.Re8+ Rxe8 37.Rxe8+ Qf8 38.d7 Nc7 39.Rxf8+ Kxf8
40.d8=Q+ 1-0

[Event "?"]
[Site "Berliner Sommer"]
[Date "1995.??.??"]
[Round "?"]
[White "Schuette Andreas"]
[Black "Wohlfahrt, Herbert J"]
[Result "1-0"]
[WhiteElo "2005"]
[BlackElo "2235"]

1.d4 f5 2.Nc3 d5 3.Bg5 c6 4.e3 Qb6 5.Rb1 e6 6.Bd3 Bd6 7.Qh5+ g6 8.Qh4 Qc7
9.f3 e5 10.dxe5 Bxe5 11.Nge2 Be6 12.Bf4 Nd7 13.e4 fxe4 14.fxe4 d4
15.Nxd4 Bf7 16.Bxe5 Qxe5 17.Nf3 Qc5 18.Qf2 Ngf6 19.Qxc5 Nxc5 20.Ng5 h6
21.Nxf7 Kxf7 22.O-O Kg7 23.b4 Nxd3 24.cxd3 Rad8 25.Rf3 Ng4 26.Rd1 Ne5
27.Rg3 Rd4 28.Ne2 Rxb4 29.d4 Nc4 30.Nf4 g5 31.h4 Re8 32.e5 Nxe5
33.hxg5 Nc4 34.gxh6+ Kxh6 {} 35.Kh2 Re4 36.Rh1 1-0

[Event "?"]
[Site "Berliner Sommer"]
[Date "1995.??.??"]
[Round "?"]
[White "Tiemer, Klaus"]
[Black "Uckar, Claudio"]
[Result "1-0"]
[WhiteElo "2060"]
[BlackElo "1760"]

1.d4 Nf6 2.Nf3 d6 3.c4 g6 4.Nc3 Bg7 5.Bf4 O-O 6.e3 c6 7.Be2 Na6 8.h3 c5
9.d5 Qb6 10.Qd2 Nh5 11.Bh2 Bh6 12.g4 Bg7 13.gxh5 Bxh3 14.Bf4 Bf5
15.hxg6 Bxg6 16.Bh6 Nb4 17.Rc1 Bxh6 18.Rxh6 e5 19.e4 f6 20.Nh4 Kf7
21.a3 Na6 22.Bh5 Bxh5 23.Rxh7+ Ke8 24.Rxh5 Rc8 25.Nf5 Rc7 26.Nb5 Rd7
27.Qh6 Nc7 28.Ng7+ Kd8 29.Ne6+ Nxe6 30.dxe6 Rdf7 31.exf7 Rxf7 32.Rd1 Qa5+
33.Ke2 Qa4 34.Nxd6 Kc7 35.Qh8 Re7 36.Qc8+ Kb6 37.Qd8+ Ka6 38.Qxe7 1-0

[Event "?"]
[Site "Berliner Sommer"]
[Date "1995.??.??"]
[Round "?"]
[White "Boric, Muhamed"]
[Black "Ulibin, Mikhail"]
[Result "0-1"]
[WhiteElo "2435"]
[BlackElo "2445"]

1.d4 e6 2.Nf3 Nf6 3.Bf4 c5 4.e3 b6 5.Na3 d5 6.Nb5 Na6 7.Ne5 Bb7
8.c3 Be7 {} 9.Nd6+ Bxd6 10.Qa4+ Kf8 11.Bxa6 Bxa6 12.Qxa6 Qc7
13.dxc5 Bxe5 14.cxb6 Bxc3+ 15.bxc3 Qxc3+ 16.Ke2 Ne4 17.Kf3 Qc2
18.Rhf1 Nd2+ 19.Kg3 Qg6+ 20.Kh4 Qxg2 21.f3 g5+ 0-1

[Event "?"]
[Site "Berliner Sommer"]
[Date "1995.??.??"]
[Round "?"]
[White "Wahls, Matthias"]
[Black "Timoshenko, Georgy"]
[Result "1/2-1/2"]
[WhiteElo "2550"]
[BlackElo "2550"]

1.e4 e5 2.Nf3 Nc6 3.Bb5 a6 4.Ba4 Nf6 5.O-O Be7 6.Re1 b5 7.Bb3 d6 8.c3 O-O
9.h3 Nd7 10.d4 Bf6 11.Be3 Na5 12.Bc2 Nc4 13.Bc1 Bb7 14.b3 Ncb6 15.Be3 Re8
16.Nbd2 d5 17.Rc1 g6 18.Bb1 exd4 19.Bxd4 c5 20.Bxf6 Qxf6 21.exd5 Nxd5 1/2-1/2

[Event "?"]
[Site "Berliner Sommer"]
[Date "1995.??.??"]
[Round "?"]
[White "Ganbold, Odondoo"]
[Black "Miersch Marco"]
[Result "1-0"]
[WhiteElo "2285"]
[BlackElo "2095"]

1.e4 c5 2.Nf3 Nc6 3.d4 cxd4 4.Nxd4 Nf6 5.Nc3 d6 6.Bc4 e6 7.Be3 Be7
8.Qe2 O-O 9.O-O-O a6 10.g4 Nxd4 11.Bxd4 b5 12.Bb3 Qc7 13.g5 Nd7 14.h4 Nc5
15.Kb1 Bd7 16.e5 Nxb3 17.cxb3 dxe5 18.Bxe5 Qb7 19.Bd4 f6 20.gxf6 gxf6
21.Rhg1+ Kh8 22.f4 a5 23.Qh5 b4 24.Ne2 a4 25.bxa4 Qe4+ 26.Ka1 Rxa4
27.Nc1 e5 28.Qh6 Rf7 29.Bxe5 fxe5 30.Rxd7 Qxf4 31.Qc6 b3 32.Rxe7 Rc4
33.Qxc4 1-0

[Event "?"]
[Site "Berliner Sommer"]
[Date "1995.??.??"]
[Round "?"]
[White "Rogic, Davor"]
[Black "Shipov, Sergei"]
[Result "1/2-1/2"]
[WhiteElo "2435"]
[BlackElo "2510"]

1.e4 c5 2.Nf3 d6 3.d4 cxd4 4.Nxd4 Nf6 5.Nc3 a6 6.Be2 e6 7.O-O Be7 8.f4 Qc7
9.Kh1 O-O 10.a4 Nc6 11.Be3 Re8 12.Bf3 Bd7 13.Nb3 Na5 14.Nxa5 Qxa5
15.Qd2 Qc7 16.a5 1/2-1/2

[Event "?"]
[Site "Berliner Sommer"]
[Date "1995.??.??"]
[Round "?"]
[White "Opalka, Guido"]
[Black "Federau, Juergen M."]
[Result "1/2-1/2"]
[WhiteElo "2105"]
[BlackElo "2260"]

1.e4 e5 2.Bc4 Nf6 3.d3 Bc5 4.Nc3 d6 5.f4 Ng4 6.f5 h5 7.Nh3 f6 8.Na4 Ne3
9.Bxe3 Bxe3 10.Qf3 Bb6 11.Nxb6 axb6 12.Qg3 Qe7 13.Qh4 Rh6 14.O-O Nc6
15.Bb5 Bd7 16.Bxc6 Bxc6 17.c4 b5 18.Nf2 Qf7 19.b3 bxc4 20.dxc4 g5
21.Qh3 Qe7 22.a4 b6 23.Qe3 Rh8 24.Ra2 Kf7 25.Rfa1 Ra7 1/2-1/2